| 000 | 00574nam a2200181 i 4500 | ||
|---|---|---|---|
| 001 | 73060 | ||
| 003 | ES-MaACL | ||
| 005 | 20230906171645.0 | ||
| 007 | t| | ||
| 008 | 040906s1981 sp ||||1| spa d | ||
| 100 | 1 |
_aGoldschmidt, Yaaqov. _957682 |
|
| 245 | 1 | 0 |
_aMedida del beneficio en inflación / _cYaaqov Goldschmidt, Kurt Admon ; [traducción de José A. Redondo López]. |
| 260 |
_aMadrid : _bPirámide, _c[1981] |
||
| 300 |
_a302 p. ; _c23 cm. |
||
| 700 | 1 |
_aAdmon, Kurt. _918455 |
|
| 700 | 1 |
_aRedondo López, José A. _995829 |
|
| 852 |
_aES-MaACL _jL-1299 _bR.101642 |
||
| 999 |
_c73060 _d73060 |
||